Online Catalogue and eLibrary

Tamil heroic poetry (Record no. 3404)

MARC details
000 -LEADER
fixed length control field 00468nam a2200145Ia 4500
005 - DATE AND TIME OF LATEST TRANSACTION
control field 20241127005036.0
008 - FIXED-LENGTH DATA ELEMENTS--GENERAL INFORMATION
fixed length control field 240331s9999 xx 000 0 und d
082 ## - DDC Classification
Item Number - Author Mark KAI
Class No. 894
100 ## - MAIN ENTRY--PERSONAL NAME
Personal name Kailasapathy, K
245 #0 - TITLE STATEMENT
Title Tamil heroic poetry
260 ## - PUBLICATION, DISTRIBUTION, ETC.
Place of publication, distribution, etc. Colombo- Chennai
Name of publisher, distributor, etc. Kumaran Books House
Date of publication, distribution, etc. 2002
300 ## - PHYSICAL DESCRIPTION
Extent (e.g. Volumes, Pages etc.) XV, 282 p .,
500 ## - GENERAL NOTE
General note This is a study of the heroic poetry of an ancient people of South India Which has hitherto been largely neglected.
942 ## - Koha item type (Biblio)
Koha item type Books in Stacks (Lending)
Holdings
Lost status Damaged status Collection code Home library Current library Shelving location Date acquired Full call number Accession Number Item type
    Lending WERC Library WERC Library Social Science Cupboard 03/31/2024 894 KAI 4886 Books in Stacks (Lending)

© WERC Library